Мои невеликие культурные и географические открытия (Запись № 11449614)

Подробности
000 -МАРКЕР
контрольное поле 01391nam0a2200301 i 4500
001 - ИДЕНТИФИКАТОР ЗАПИСИ
контрольное поле RU\NLR\BIBL_A\012010658
005 - ИДЕНТИФИКАТОР ВЕРСИИ
контрольное поле 20260408212343.0
035 ## - ДРУГИЕ СИСТЕМНЫЕ НОМЕРА
Идентификатор записи (NLR Aleph) 012010658
100 ## - ДАННЫЕ ОБЩЕЙ ОБРАБОТКИ
Данные общей обработки 20190515d2019 um y0rusy50 ca
101 0# - ЯЗЫК РЕСУРСА
Язык текста, звукозаписи и т.д. русский
102 ## - СТРАНА ПУБЛИКАЦИИ ИЛИ ПРОИЗВОДСТВА
Страна публикации российская федерация
105 ## - ПОЛЕ КОДИРОВАННЫХ ДАННЫХ: ТЕКСТОВЫЕ МАТЕРИАЛЫ, МОНОГРАФИЧЕСКИЕ
Кодированные данные о монографическом текстовом документе ac||z|||000zy
200 1# - ЗАГЛАВИЕ И СВЕДЕНИЯ ОБ ОТВЕТСТВЕННОСТИ
Основное заглавие Мои невеликие культурные и географические открытия
Первые сведения об ответственности Александр Ястребенецкий
210 ## - ПУБЛИКАЦИЯ, РАСПРОСТРАНЕНИЕ И ДР.
Место издания, распространения и т.д. Санкт-Петербург
Имя издателя, распространителя и т. д. Филателия
Дата издания, распространения и т.д. 2019
215 ## - ФИЗИЧЕСКАЯ ХАРАКТЕРИСТИКА
Специфическое обозначение материала и объем 40 с.
Другие сведения о физической характеристике ил., портр.
Размеры 21
316 ## - ПРИМЕЧАНИЯ ОБ ОСОБЕННОСТЯХ ЭКЗЕМПЛЯРА
Текст примечания С автогр. авт. Экз. № 02 Владимира Потапенко
Организация и экземпляр, к которому относится поле NLR
600 #1 - ИМЯ ЛИЦА КАК ПРЕДМЕТ
Начальный элемент ввода Ястребенецкий
Часть имени, кроме начального элемента ввода А. Г.
Даты 1956
Расширение инициалов личного имени Александр Григорьевич
Системный номер авторитетной/нормативной записи 2305819
Идентификатор авторитетной/нормативной записи RU\NLR\AUTH\6601606374
606 ## - НАИМЕНОВАНИЕ ТЕМЫ КАК ПРЕДМЕТ
Наименование темы Путешествия
Системный номер авторитетной/нормативной записи 1357398
Идентификатор авторитетной/нормативной записи RU\NLR\AUTH\66253031
606 ## - НАИМЕНОВАНИЕ ТЕМЫ КАК ПРЕДМЕТ
Наименование темы Культурное наследие
Тематический подзаголовок Охрана
Географический подзаголовок Российская Федерация
Идентификатор авторитетной/нормативной записи RU\NLR\AUTH\6601657620
Системный номер авторитетной/нормативной записи 2415117
686 1# - ИНДЕКСЫ ДРУГИХ КЛАССИФИКАЦИЙ
Индекс Д8г
686 1# - ИНДЕКСЫ ДРУГИХ КЛАССИФИКАЦИЙ
Индекс Т3(2)74л60
686 1# - ИНДЕКСЫ ДРУГИХ КЛАССИФИКАЦИЙ
Индекс Щ153(2Р=Рус)7-8Ястребенецкий
700 #1 - ИМЯ ЛИЦА - ПЕРВИЧНАЯ ОТВЕТСТВЕННОСТЬ
Графика поля Кириллица
Материалы, к которым относится поле rus
Начальный элемент ввода Ястребенецкий
Часть имени, кроме начального элемента ввода А. Г.
Даты 1956-
Расширение инициалов личного имени Александр Григорьевич
Системный номер авторитетной/нормативной записи 165950
Идентификатор авторитетной/нормативной записи RU\NLR\AUTH\770165997
942 ## - ДОПОЛНИТЕЛЬНЫЕ ЭЛЕМЕНТЫ ЗАПИСИ (АБИС)
Тип экземпляра АБИС Книга
980 ## - КОЛЛЕКЦИЯ
Название коллекции НБР

Нет доступных экземпляров.